000 00343nas a2200157 a 4500
001 74732
003 149470
005 20201118111233.0
008 ||||||n9999 ||| || ||
245 0 _aTime - Vol.155 No.7
260 _aEstados Unidos :
562 _e1
773 _021966
_aTime
942 _cSISS
999 _c74732
_d74732